Nueve días dedicados a Nuestro Señor Jesucristo (Record no. 19507)

MARC details
000 -LEADER
campo de control de longitud fija 00775nam a2200217 i 4500
001 - NÚMERO DE CONTROL
campo de control 19507
003 - IDENTIFICADOR DE NÚMERO DE CONTROL
campo de control ES-MaACL
005 - FECHA Y HORA DE LA ÚLTIMA TRANSACCIÓN
campo de control 20230906152119.0
007 - CAMPO FIJO DE DESCRIPCIÓN FÍSICA--INFORMACIÓN GENERAL
campo de control de longitud fija t|
008 - DATOS DE LONGITUD FIJA--INFORMACIÓN GENERAL
campo de control de longitud fija 021001s1895 sp ||||1| spa d
080 ## - NÚMERO DE LA CLASIFICACIÓN DECIMAL UNIVERSAL
Número de la Clasificación Decimal Universal 242:265.3
100 1# - ENTRADA PRINCIPAL--NOMBRE DE PERSONA
Nombre de persona Abad de Aparicio, Hilario
9 (RLIN) 17922
245 10 - MENCIÓN DEL TÍTULO
Título Nueve días dedicados a Nuestro Señor Jesucristo
Resto del título : presente en el Augusto Sacramento de la Eucaristía /
Mención de responsabilidad, etc. por H. A. de A.
260 ## - PUBLICACIÓN, DISTRIBUCIÓN, ETC.
Lugar de publicación, distribución, etc. Madrid :
Nombre del editor, distribuidor, etc. [s.n.],
Fecha de publicación, distribución, etc. 1895 (
Fabricante Imp. de Nicolás Moya)
300 ## - DESCRIPCIÓN FÍSICA
Extensión 210, 23 p. ;
Dimensiones 18 cm.
530 ## - NOTA DISPONIBLE DE FORMULARIO FÍSICO ADICIONAL
Nota de formato físico adicional disponible Disponible en formato digital.
650 #4 - PUNTO DE ACCESO ADICIONAL DE MATERIA--TÉRMINO DE MATERIA
Término de materia o nombre geográfico como elemento de entrada Eucaristía-
Subdivisión de forma Meditaciones.
9 (RLIN) 158707
852 ## - LOCALIZACIÓN
Ubicación ES-MaACL
Número de control de estantería G-8567
856 ## - LOCALIZACIÓN Y ACCESO ELECTRÓNICOS
Identificador Uniforme de Recursos <a href="http://bdh-rd.bne.es/viewer.vm?id=0000086103&page=1 ">http://bdh-rd.bne.es/viewer.vm?id=0000086103&page=1 </a>
Nota pública Biblioteca Digital Hispánica
Holdings
Estatus retirado Estado de pérdida Estado de daño No para préstamo Colección Biblioteca de origen Biblioteca actual Ubicación en estantería Fecha de adquisición Fuente de adquisición Total de préstamos Signatura topográfica completa Código de barras Visto por última vez Precio de reemplazo Tipo de ítem Koha
        Colección digital Biblioteca del Ateneo de Madrid Biblioteca del Ateneo de Madrid Sala Pecera Planta 3 17/01/2008     G-8567 1019959 23/02/2023 23/02/2023 Libro impreso antiguo